000 00341 a2200157 4500
001 165462
020 _a
040 _cMagnum
100 _aStanislavski, Constantin
240 1 0 _aA preparacao do ator
_lpor
245 1 0 _aA preparacao do ator
362 0 _a1899
440 1 _aCivilização Brasileira
697 _aTEATRO
942 _cBK
999 _c165462
_d165462